Presupuestos , planificación y control de las utilidades (Registro nro. 1909)

Detalles MARC
000 -LEADER
fixed length control field 02056 a2200205 4500
001 - CONTROL NUMBER
control field 29615
005 - DATE AND TIME OF LATEST TRANSACTION
control field 20260407155606.0
008 - FIXED-LENGTH DATA ELEMENTS--GENERAL INFORMATION
fixed length control field 260407a1972 arg spa d
003 - CONTROL NUMBER IDENTIFIER
control field AR-UNSa-BCEJYS
040 ## - CATALOGING SOURCE
Original cataloging agency AR-UNSa-BCEJYS
Language of cataloging spa
Transcribing agency AR-UNSa-BCEJYS
080 ## - UNIVERSAL DECIMAL CLASSIFICATION NUMBER
Universal Decimal Classification number 657.312
Common auxiliary subdivision Tipo de presupuestos
100 1# - MAIN ENTRY--PERSONAL NAME
Personal name Fernández Cepero, Manuel de J.
245 10 - TITLE STATEMENT
Title Presupuestos , planificación y control de las utilidades
264 #1 - PRODUCTION, PUBLICATION, DISTRIBUTION, MANUFACTURE, AND COPYRIGHT NOTICE
Place of production, publication, distribution, manufacture México :
Name of producer, publisher, distributor, manufacturer Unión Tipográfica Editorial Hispano-Americana (UTEHA)
Date of production, publication, distribution, manufacture, or copyright notice 1972
300 ## - PHYSICAL DESCRIPTION
Extent 696 p.
Dimensions 24 cm.
505 ## - FORMATTED CONTENTS NOTE
Formatted contents note 1. La planificación y el control de las utilidades y el proceso de dirección - 2. Los principios fundamentales de la planificación y el control de las utilidades - 3. Bosquejo de la planificación y el control completos de las utilidades - 4. Ilustración de la planificación y el control completos de las utilidades - 5. Planificacion y control de ventas - 6. Planificación de la producción: Necesidades de inventarios de productos terminados y productos en proceso de fabricación - 7. Planificación y control del uso y las compras de materiales - 8. Planificación y control de los costos de mano de obra directa - 9. Planificación de los gastos. Carga fabril, gastos de distribución y de sistribución - 10. Desarrollo y aplicación de los presupuestos variables de gastos - 11. Planificación y control de las erogaciones capitalizables - 12. Planificación y control de efectivo - 13. Terminación y aplicación del plan de utilidades - 14. Técnicas del análisis de costos, volúmenes y utilidades y su aplicación en la dirección empresarial (análisis del punto de equilibrio) - 15. Informes de resultados para el control de la dirección - 16. Análisis de las variaciones con respecto al presupuesto - 17. La planificación y el control de las utilidades y su relación con el sistema de contabilidad - 18. Planificación y control presupuestarios para empresas no fabriles - 19. Panorama general
590 ## - LOCAL NOTE (RLIN)
Local note niveau_biblio:m niveau_hierar:0
700 1# - ADDED ENTRY--PERSONAL NAME
Personal name Welsch, Glenn A.
942 ## - ADDED ENTRY ELEMENTS (KOHA)
Koha item type
Existencias
Withdrawn status Lost status Damaged status Not for loan Home library Current library Shelving location Date acquired Total checkouts Full call number Barcode Date last seen Price effective from Koha item type
        Biblioteca Prof. Eusebio Cleto del Rey Biblioteca Prof. Eusebio Cleto del Rey   07/04/2026   657.312 W458 L25920 07/04/2026 07/04/2026 Libro
        Biblioteca Prof. Eusebio Cleto del Rey Biblioteca Prof. Eusebio Cleto del Rey   07/04/2026   657.312 W458 L25921 07/04/2026 07/04/2026 Libro